Popular Songs: Who's song is that? - Statistics

General Stats
  • This quiz has been taken 142 times
  • The average score is 6 of 11
Answer Stats
Hint Answer % Correct
Hello Adele
93%
Radioactive Imagine Dragons
83%
Sugar Maroon 5
82%
Counting Stars Onerepublic
76%
Diamonds Rihanna
63%
Paradise Coldplay
60%
My Songs Know What You Did in the Dark Falloutboy
38%
Bring Me to Life Evanescence
29%
Carry On Fun.
20%
Dark Side Kelly Clarkson
14%
Monster Skillet
13%
No matching quizzes found
Score Distribution
Percent of People with Each Score
Percentile by Number Answered
Your Score History
You have not taken this quiz